The Lahore High Court and its principal bar. (Record no. 80394)

MARC details
000 -LEADER
fixed length control field 00688cam a22002291 4500
001 - CONTROL NUMBER
control field sa 68004854
003 - CONTROL NUMBER IDENTIFIER
control field DLC
005 - DATE AND TIME OF LATEST TRANSACTION
control field 20260227112504.0
008 - FIXED-LENGTH DATA ELEMENTS--GENERAL INFORMATION
fixed length control field 711020s1967 pk abc b 000 0 eng
010 ## - LIBRARY OF CONGRESS CONTROL NUMBER
LC control number sa 68004854
025 ## - OVERSEAS ACQUISITION NUMBER
Overseas acquisition number PL480:P-E-1204
040 ## - CATALOGING SOURCE
Original cataloging agency DLC
Transcribing agency DLC
Modifying agency DLC
050 00 - LIBRARY OF CONGRESS CALL NUMBER
Classification number KPL3465
Item number .S53 1967
082 00 - DEWEY DECIMAL CLASSIFICATION NUMBER
Classification number 347.99/549/1
100 1# - MAIN ENTRY--PERSONAL NAME
Personal name Sidhwa, Rustam Sohrabji.
245 14 - TITLE STATEMENT
Title The Lahore High Court and its principal bar.
260 ## - PUBLICATION, DISTRIBUTION, ETC.
Place of publication, distribution, etc. Lahore,
Name of publisher, distributor, etc. Printed at the Pakistan Times Press
Date of publication, distribution, etc. [1967]
300 ## - PHYSICAL DESCRIPTION
Extent [16], 302 p.
Other physical details illus., fold. maps, ports.
Dimensions 19 x 25 cm.
350 ## - PRICE (NR) (BK AM CF MU VM SE) [OBSOLETE]
Price N.T.
504 ## - BIBLIOGRAPHY, ETC. NOTE
Bibliography, etc. note Bibliography: p. [13] (1st group)
610 10 - SUBJECT ADDED ENTRY--CORPORATE NAME
Corporate name or jurisdiction name as entry element West Pakistan.
Subordinate unit High Court.

No items available.

Powered by Koha